5ος διεθνής μήνας φωτογραφίας : Αθήνα, 17 Σεπτεμβρίου -18 Οκτωβρίου 1998 = 5th international month of photography : Athens, September 17 - Octomber 18, 1998
Αποθηκεύτηκε σε:
| Συλλογικό Έργο: | , |
|---|---|
| Μορφή: | Πρακτικό Συνεδρίου Βιβλίο |
| Γλώσσα: | Greek English |
| Δημοσίευση: |
Αθήνα :
Ελληνικό Κέντρο Φωτογραφίας,
1998.
|
| Θέματα: | |
| Ετικέτες: |
Προσθήκη ετικέτας
Δεν υπάρχουν, Καταχωρήστε ετικέτα πρώτοι!
|
MARC
| LEADER | 00000cam a2200000 i 4500 | ||
|---|---|---|---|
| 001 | 1/21987 | ||
| 008 | 120710s1998 gr | ||| |||| ||gre|| | ||
| 020 | |a 9607096205 | ||
| 035 | |l 10112973 | ||
| 040 | |a GR-MyUA |b gre |e AACR2 | ||
| 041 | 0 | |a gre |a eng | |
| 082 | 0 | |a 779.092 |2 (22) | |
| 111 | 2 | |a Διεθνής Μήνας Φωτογραφίας |n (5oς : |d 1998 : |c Αθήνα) | |
| 245 | 1 | 0 | |a 5ος διεθνής μήνας φωτογραφίας : |b Αθήνα, 17 Σεπτεμβρίου -18 Οκτωβρίου 1998 = 5th international month of photography : Athens, September 17 - Octomber 18, 1998 / |c Ελληνικό Κέντρο Φωτογραφίας ; Πανελλήνιος Σύνδεσμος Αιθουσών Τέχνης με την υποστήριξη του Υπουργείου πολιτισμού ; καλλιτεχνικός διευθυντής Σταύρος Μωρεσόπουλος. |
| 246 | 1 | |i Άλλες παραλλαγές του τίτλου: |a Πέμπτος διεθνής μήνας φωτογραφίας | |
| 246 | 1 | |i Άλλες παραλλαγές του τίτλου: |a Fifth international month of photography | |
| 260 | |a Αθήνα : |b Ελληνικό Κέντρο Φωτογραφίας, |c 1998. | ||
| 300 | |a 143 σ. : |b εικ., φωτ. ; |c 30 εκ. | ||
| 650 | 0 | 0 | |a Photographers |z Greece |x Exhibitions. |
| 650 | 0 | 0 | |a Photography |x Exhibitions. |
| 710 | 2 | |a Ελληνικό Κέντρο Φωτογραφίας. | |
| 852 | |a INST |b SAMOS |e 20120710 |h 771.092 ΠΕΜ |p 005300033654 |q 005300033654 |t BK |y 0 | ||
| 901 | |a BIBL3-2012-2 | ||
| 970 | |a Γουβάλα |b Βάσω |z 2012/07/10 | ||